| 000 | 00884nam a22002177a 4500 | ||
|---|---|---|---|
| 999 |
_c1788 _d1788 |
||
| 003 | AR-CdUCM | ||
| 008 | 190227b ||||| |||| 00| 0 eng d | ||
| 040 |
_aMUNICIPALIDAD PROVINCIAL DEL CUSCO _cBIBLIOTECA MUNICIPAL DEL CUSCO |
||
| 082 |
_a301 / _bM22 |
||
| 100 |
_aMannheim, Karl _96561 |
||
| 245 | _aDiagnostico de nuestro tiempo / | ||
| 260 |
_aMéxico : _bFondo de Cultura Económica; _c1978. |
||
| 300 |
_a235 paginas ; _c17 cm. |
||
| 440 |
_aColección popular _n9 _96562 |
||
| 505 | _aLa crisis en la estimativa -- Educación de masas y análisis de grupo -- El cristianismo y la edad de la planificación --Los valores cristianos en un medio en transformación -- Efectos en el individuo .. | ||
| 650 |
_aSociología cristiana _96563 |
||
| 650 |
_aPlanificación sociológica _96564 |
||
| 650 |
_aNuevos dirigentes _96565 |
||
| 942 |
_2ddc _cLIBROS |
||
| 945 |
_arum _d2019-02-27 |
||